Трансформация структуры и свойств магнезиальных пород при термообработке; Известия вузов. Физика; Т. 58, № 6-2

Detalles Bibliográficos
Parent link:Известия вузов. Физика/ Национальный исследовательский Томский государственный университет (ТГУ).— , 1958-
Т. 58, № 6-2.— 2015.— [С. 190-195]
Autor principal: Митина Н. А. Наталия Александровна
Autor Corporativo: Национальный исследовательский Томский политехнический университет (ТПУ) Институт физики высоких технологий (ИФВТ) Кафедра технологии силикатов и наноматериалов (ТСН)
Otros Autores: Лотов В. А. Василий Агафонович, Сухушина А. В. Алёна Валерьевна
Sumario:Заглавие с экрана
Проведены исследования изменений структуры, удельной поверхности и истинной плотности высокомагнезиальных пород: бруситовой породы, магнезита, гидромагнезиальной породы, аморфного магнезита, при термической обработке. Установлено, что для получения химически активного оксида магния, используемого для синтеза высокоогнеупорных материалов и получения магнезиального вяжущего, необходимо проводить обжиг при низких или умеренных температурах в диапазоне 500-800 °С. Повышение температуры более 800 °С приводит к получению плотно спеченного кубического оксида магния со структурой периклаза.
Presented studies changes in the structure, specific surface area and true density magnesia rocks: brucite rocks, magnesite, hydromagnesite amorphous magnesite, during heat treatment. It is found that to obtain the reactive magnesium oxide is used for the synthesis and preparation of refractory materials and magnesia binder, firing should be carried out at low or moderate temperatures in the range 500-800 ° C. Increasing the temperature over 800 ° C results in a dense sintered body of magnesium oxide with the cubic structure of periclase.
Режим доступа: по договору с организацией-держателем ресурса
Lenguaje:ruso
Publicado: 2015
Materias:
Acceso en línea:http://elibrary.ru/item.asp?id=24449585
Formato: MixedMaterials Electrónico Capítulo de libro
KOHA link:https://koha.lib.tpu.ru/cgi-bin/koha/opac-detail.pl?biblionumber=645534

MARC

LEADER 00000nla0a2200000 4500
001 645534
005 20250326131818.0
035 |a (RuTPU)RU\TPU\network\10619 
035 |a RU\TPU\network\10617 
090 |a 645534 
100 |a 20151228d2015 k||y0rusy50 ca 
101 0 |a rus 
102 |a RU 
135 |a drcn ---uucaa 
181 0 |a i  
182 0 |a b 
200 1 |a Трансформация структуры и свойств магнезиальных пород при термообработке  |d Transformation of the structure and properties of rocks magnesial during heat treatment  |f Н. А. Митина, В. А. Лотов, А. В. Сухушина 
203 |a Текст  |c электронный 
300 |a Заглавие с экрана 
320 |a [Библиогр.: с. 195 (5 назв.)] 
330 |a Проведены исследования изменений структуры, удельной поверхности и истинной плотности высокомагнезиальных пород: бруситовой породы, магнезита, гидромагнезиальной породы, аморфного магнезита, при термической обработке. Установлено, что для получения химически активного оксида магния, используемого для синтеза высокоогнеупорных материалов и получения магнезиального вяжущего, необходимо проводить обжиг при низких или умеренных температурах в диапазоне 500-800 °С. Повышение температуры более 800 °С приводит к получению плотно спеченного кубического оксида магния со структурой периклаза. 
330 |a Presented studies changes in the structure, specific surface area and true density magnesia rocks: brucite rocks, magnesite, hydromagnesite amorphous magnesite, during heat treatment. It is found that to obtain the reactive magnesium oxide is used for the synthesis and preparation of refractory materials and magnesia binder, firing should be carried out at low or moderate temperatures in the range 500-800 ° C. Increasing the temperature over 800 ° C results in a dense sintered body of magnesium oxide with the cubic structure of periclase. 
333 |a Режим доступа: по договору с организацией-держателем ресурса 
461 |t Известия вузов. Физика  |f Национальный исследовательский Томский государственный университет (ТГУ)  |d 1958- 
463 |t Т. 58, № 6-2  |v [С. 190-195]  |d 2015 
510 1 |a Transformation of the structure and properties of rocks magnesial during heat treatment  |z eng 
610 1 |a электронный ресурс 
610 1 |a труды учёных ТПУ 
610 1 |a структура 
610 1 |a термообработка 
610 1 |a бруситы 
610 1 |a магнезиты 
610 1 |a гидромагнезиты 
610 1 |a плотность 
610 1 |a удельная поверхность 
610 1 |a магнезиальные породы 
700 1 |a Митина  |b Н. А.  |c химик-технолог  |c доцент Томского политехнического университета, кандидат технических наук  |f 1974-  |g Наталия Александровна  |3 (RuTPU)RU\TPU\pers\25618  |9 11547 
701 1 |a Лотов  |b В. А.  |c химик-технолог  |c профессор Томского политехнического университета, доктор технических наук  |f 1942-  |g Василий Агафонович  |3 (RuTPU)RU\TPU\pers\26202 
701 1 |a Сухушина  |b А. В.  |g Алёна Валерьевна 
712 0 2 |a Национальный исследовательский Томский политехнический университет (ТПУ)  |b Институт физики высоких технологий (ИФВТ)  |b Кафедра технологии силикатов и наноматериалов (ТСН)  |3 (RuTPU)RU\TPU\col\18694 
801 2 |a RU  |b 63413507  |c 20151228  |g RCR 
856 4 |u http://elibrary.ru/item.asp?id=24449585 
942 |c CF